000 00302nam a22001337a 4500
008 170906b xxu||||| |||| 00| 0 eng d
020 _a9781588342614
041 _aeng
080 _a72
100 _a41
101 _aARK
245 _aQ GUIDE TO SMITHSONIAN ARCHITECTURE
_cEWING, H
942 _2udc
_cBK
999 _c26280
_d26280